| 000 | 00570nam a2200229Ia 4500 | ||
|---|---|---|---|
| 003 | OSt | ||
| 005 | 20250821111333.0 | ||
| 008 | 191130s2007##################000#0#eng## | ||
| 020 | _a9780099492337 | ||
| 040 |
_aACL _cACL |
||
| 082 | _a823.914 LEW | ||
| 100 | _aLewis, Susan | ||
| 245 |
_aA French affair _cSusan Lewis |
||
| 260 |
_aLondon _bArrow _c2007 |
||
| 300 | _a567 p. ; 20 cm | ||
| 650 | _aAdultery - Fiction | ||
| 650 | _aSecrets -- Fiction | ||
| 856 | _3pbk | ||
| 942 |
_2ddc _cENGLISH |
||
| 990 | _a11c18b57ac10000c233ce1af9d6dab9a | ||
| 999 |
_c341028 _d341028 |
||